Comunistas, socialistas, católicos / (Record no. 135309)

MARC details
000 -LEADER
campo de control de longitud fija 00659nam a2200205 i 4500
001 - NÚMERO DE CONTROL
campo de control 135309
003 - IDENTIFICADOR DE NÚMERO DE CONTROL
campo de control ES-MaACL
005 - FECHA Y HORA DE LA ÚLTIMA TRANSACCIÓN
campo de control 20251009191444.0
007 - CAMPO FIJO DE DESCRIPCIÓN FÍSICA--INFORMACIÓN GENERAL
campo de control de longitud fija t|
008 - DATOS DE LONGITUD FIJA--INFORMACIÓN GENERAL
campo de control de longitud fija 070716s1978 sp ||||1| spa d
100 1# - ENTRADA PRINCIPAL--NOMBRE DE PERSONA
Nombre de persona Togliatti, Palmiro.
9 (RLIN) 110420
245 10 - MENCIÓN DEL TÍTULO
Título Comunistas, socialistas, católicos /
Mención de responsabilidad, etc. Palmiro Togliatti ; antología presentada por Luciano Gruppi ; traducción de Juana Bignozzi.
250 ## - MENCION DE EDICION
Mención de edición [1ª ed.].
260 ## - PUBLICACIÓN, DISTRIBUCIÓN, ETC.
Lugar de publicación, distribución, etc. Barcelona :
Nombre del editor, distribuidor, etc. Laia,
Fecha de publicación, distribución, etc. 1978.
300 ## - DESCRIPCIÓN FÍSICA
Extensión 257 p. ;
Dimensiones 19 cm.
700 1# - ENTRADA AGREGADA--NOMBRE PERSONAL
Nombre de persona Gruppi, Luciano.
9 (RLIN) 60257
700 1# - ENTRADA AGREGADA--NOMBRE PERSONAL
Nombre de persona Bignozzi, Juana,
Fechas asociadas al nombre 1937-2015
9 (RLIN) 28843
852 ## - LOCALIZACIÓN
Ubicación ES-MaACL
Número de control de estantería A-8558
Sublocalización o colección R.97557
Holdings
Estatus retirado Estado de pérdida Estado de daño No para préstamo Biblioteca de origen Biblioteca actual Ubicación en estantería Fecha de adquisición Fuente de adquisición Total de préstamos Signatura topográfica completa Código de barras Visto por última vez Precio de reemplazo Tipo de ítem Koha
        Biblioteca del Ateneo de Madrid Biblioteca del Ateneo de Madrid Depósito 1 17/01/2008     A-8558 1140833 23/02/2023 23/02/2023 Libro impreso